Motivating students : (Record no. 144212)

MARC details
000 -LEADER
fixed length control field 00902nam a2200241 a 4500
001 - CONTROL NUMBER
control field vtls003232190
003 - CONTROL NUMBER IDENTIFIER
control field MY-SjTCS
005 - DATE AND TIME OF LATEST TRANSACTION
control field 20200226115148.0
008 - FIXED-LENGTH DATA ELEMENTS--GENERAL INFORMATION
fixed length control field 120504s2011 inua b 001 0 eng d
020 ## - INTERNATIONAL STANDARD BOOK NUMBER
International Standard Book Number 9781935249788 (perfect bound : pbk.)
020 ## - INTERNATIONAL STANDARD BOOK NUMBER
International Standard Book Number 9781935249795 (library ed.)
039 #9 - LEVEL OF BIBLIOGRAPHIC CONTROL AND CODING DETAIL [OBSOLETE]
Level of rules in bibliographic description 201208241525
Level of effort used to assign nonsubject heading access points wilmina
Level of effort used to assign subject headings 201208241524
Level of effort used to assign classification wilmina
-- 201205041000
-- malathy
082 04 - DEWEY DECIMAL CLASSIFICATION NUMBER
Classification number 370.154
Item number CHA 2011
100 1# - MAIN ENTRY--PERSONAL NAME
Personal name Chapman, Carolyn,
Dates associated with a name 1945-
9 (RLIN) 29893
245 10 - TITLE STATEMENT
Title Motivating students :
Remainder of title 25 strategies to light the fire of engagement /
Statement of responsibility, etc. Carolyn Chapman, Nicole Vagle.
260 ## - PUBLICATION, DISTRIBUTION, ETC.
Place of publication, distribution, etc. Bloomington :
Name of publisher, distributor, etc. Solution Tree Press,
Date of publication, distribution, etc. c2011.
300 ## - PHYSICAL DESCRIPTION
Extent xi, 227 p. :
Other physical details ill. ;
Dimensions 28 cm.
504 ## - BIBLIOGRAPHY, ETC. NOTE
Bibliography, etc. note Includes bibliographical references (p. 217-222) and index.
650 #0 - SUBJECT ADDED ENTRY--TOPICAL TERM
Topical term or geographic name entry element Motivation in education.
9 (RLIN) 4326
650 #0 - SUBJECT ADDED ENTRY--TOPICAL TERM
Topical term or geographic name entry element Effective teaching.
700 1# - ADDED ENTRY--PERSONAL NAME
Personal name Vagle, Nicole.
920 ## - Programme
Programme SOCIT : 184213, 182976
Holdings
Withdrawn status Lost status Source of classification or shelving scheme Damaged status Not for loan Home library Current library Date acquired Cost, normal purchase price Total Checkouts Barcode Date last seen Date last checked out Copy number Uniform Resource Identifier Cost, replacement price Koha item type Public note Total Renewals
    Dewey Decimal Classification     Taylor's Library-TU Taylor's Library-TU 23/07/2012 88.95 2 5000134818 26/08/2022 24/08/2022 1 Floor 4, Shelf 11 , Side 1, TierNo 1, BayNo 1 88.95 Main Collection SOCIT,15004,03,GR  
    Dewey Decimal Classification     Taylor's Library-TU Taylor's Library-TU 23/07/2012 88.95 6 5000134856 22/11/2022 08/08/2022 1 Floor 4, Shelf 11 , Side 1, TierNo 1, BayNo 1 88.95 Main Collection SOCIT,15004,03,GR 5